Introducción al social cristianismo: un enfoque histórico - filosófico

محفوظ في:
التفاصيل البيبلوغرافية
المؤلف الرئيسي: Rodríguez Quesada, José Roberto
التنسيق: نص
منشور في: San José: Instituto de Estudios Políticos
الوسوم: إضافة وسم
لا توجد وسوم, كن أول من يضع وسما على هذه التسجيلة!

MARC

LEADER 00000 a a2200000 04500
001 25104
003
040
020 |a 9977-900-02-7  
090 |a 179300  
100 |a Rodríguez Quesada, José Roberto  
245 |a Introducción al social cristianismo: un enfoque histórico - filosófico  
260 |a San José:   |b Instituto de Estudios Políticos  
300 |a 170 p  
999 |c 14763  |d 14763